Responsabilidad y comunicación de masas
Enregistré dans:
| Auteurs principaux: | , |
|---|---|
| Format: | Livre |
| Langue: | espagnol |
| Publié: |
Buenos Aires
Troquel
1973
|
| Sujets: | |
| Tags: |
Ajouter un tag
Pas de tags, Soyez le premier à ajouter un tag!
|
MARC
| LEADER | 00000nam a2200000 a 4500 | ||
|---|---|---|---|
| 001 | UCY9433 | ||
| 003 | CL-VaPUC | ||
| 008 | 950717e19730000AG |||||||||||||||||spa|d | ||
| 082 | 0 | 4 | |a 302.2 |b RIV |2 21 |
| 100 | 0 | |a Rivers, William L |e author |9 341577 | |
| 700 | 0 | |a Schramm, Wilbur |e author |9 341578 | |
| 245 | 1 | 0 | |a Responsabilidad y comunicación de masas |
| 300 | |a 354 p | ||
| 942 | |c BK | ||
| 945 | |d 19950717 00:00:00 |a mfernand | ||
| 260 | |a Buenos Aires |b Troquel |c 1973 | ||
| 650 | 7 | |a COMUNICACION DE MASAS |2 CL-VaPUC |9 334823 | |
| 650 | 0 | |a Sociedad de masas |9 268060 | |
| 650 | 7 | |a IMPACTO DE LA COMUNICACION |2 CL-VaPUC |9 334456 | |
| 650 | 7 | |a ETICA DE LA COMUNICACION |2 CL-VaPUC |9 334574 | |
| 650 | 0 | |a Medios de comunicación de masas |9 257273 | |
| 650 | 0 | |a Totalitarismo |9 255261 | |
| 650 | 0 | |a Liberalismo |9 255715 | |
| 650 | 0 | |a Comunismo |9 255588 | |
| 650 | 0 | |a Responsabilidad social |9 339076 | |
| 650 | 0 | |a Prensa |9 258117 | |
| 650 | 0 | |a Libertad de prensa |9 255610 | |
| 650 | 0 | |a Estado |9 255503 | |
| 650 | 0 | |a Control social |9 322637 | |
| 650 | 7 | |a GRUPOS DE PRESION |2 CL-VaPUC |9 255505 | |
| 650 | 0 | |a Publicidad |9 314572 | |
| 583 | |a last modification |c 20130809 07:43:02 |k Rodrigo Vera | ||
| 999 | |c 236526 |d 236524 | ||
| 952 | |0 0 |1 0 |4 0 |6 302_200000000000000_RIV_1973 |7 0 |8 X |9 244665 |a BIBEDU |b BIBEDU |d 2019-11-18 |i 1533940 |o 302.2 RIV 1973 |p 1533940 |r 2023-01-13 |w 2019-11-18 |y BK_X |k EDU | ||